| 000 -LEADER |
| fixed length control field |
01708nam a22001817a 4500 |
| 020 ## - INTERNATIONAL STANDARD BOOK NUMBER |
| ISBN |
9781503634480 (ebk) |
| 082 ## - DEWEY DECIMAL CLASSIFICATION NUMBER |
| Classification number |
302.2 |
| Item number |
F647 2023 |
| 100 ## - MAIN ENTRY--AUTHOR NAME |
| Personal name |
Flusser, Vilém, 1920-1991, author. |
| 245 ## - TITLE STATEMENT |
| Title |
Communicology : mutations in human relations? / Vilém Flusser ; edited by Rodrigo Maltez Novaes ; with a foreword by N. Katherine Hayles. |
| 260 ## - PUBLICATION, DISTRIBUTION, ETC. (IMPRINT) |
| Place of publication |
Stanford, CA : |
| Name of publisher |
Stanford University Press, |
| Year of publication |
©2023 |
| 300 ## - PHYSICAL DESCRIPTION |
| Number of Pages |
1 online resource, xxiv, 208 pages : |
| Other physical details |
illustrations. |
| 500 ## - GENERAL NOTE |
| General note |
Includes bibliographical references. |
| 505 ## - FORMATTED CONTENTS NOTE |
| Formatted contents note |
What Is communication? -- What are codes? -- What is technical imagination? |
| 520 ## - SUMMARY, ETC. |
| Summary, etc |
"Communicology is Vilém Flusser's first ever thesis on his concepts of technical images and technical imagination. In this foundational text he lays the groundwork for later work, offering a philosophical approach to communication as a phenomena that permeates every aspect of human existence. Clearly organized around questions such as "What is Communication," "What are Codes," and "What is Technical Imagination" the work touches on theatre, photography, film, television, and more. Originally written in 1978, but only posthumously published in German, the book is one of the clearest statements of Flusser's theory of communication as involving a variably mediated relation between humans and the world. Although Flusser was writing in the pre-digital 1970s, his work demonstrates a prescience that makes it of significant contemporary interest to scholars in visual culture, art history, media studies, and philosophy"-- Provided by publisher. |
| 650 ## - SUBJECT ADDED ENTRY--TOPICAL TERM |
| Topical Term |
Communication -- Philosophy. |
| 700 ## - ADDED ENTRY--PERSONAL NAME |
| Personal name |
Novaes, Rodrigo Maltez, editor, translator. |
| 942 ## - ADDED ENTRY ELEMENTS (KOHA) |
| Koha item type |
Electronic Books |